000 00339nam a2200133Ia 4500
005 20251222144854.0
008 251222s9999||||xx |||||||||||||| ||spa||
020 _a84-7481-837-0
082 _a370.1/G23
100 _aGarcía Carrasco, Joaquín
245 0 _aTeoría de la Educación I:
264 _bUniversidad Salamanca
942 _cLIB
999 _c21729
_d21729